Countries Igor Dodon has Visited - Statistics

General Stats
  • This quiz has been taken 33 times
    24 since last reset
  • The average score is 12 of 18
Answer Stats
Continent Country % Correct
Europe Germany
94%
Asia Japan
88%
Asia/ Europe Russia
88%
Asia/ Europe Turkey
88%
North America United States of America
88%
Europe Belgium
81%
Europe France
81%
Asia Armenia
75%
Asia Azerbaijan
69%
Europe Belarus
69%
Europe Italy
69%
Europe Hungary
63%
Asia Iran
56%
Asia Israel
56%
Asia United Arab Emirates
50%
Europe Vatican City
50%
Asia Turkmenistan
44%
Asia Kyrgyzstan
25%
No matching quizzes found
Score Distribution
Percent of People with Each Score
Percentile by Number Answered
Your Score History
You have not taken this quiz since the last reset